000 00933nam a2200205Ii 4500
003 JO-AjNU
008 230605s9999||||xx |||||||||||||| ||und||
040 _aJO-AjNU
_bara
_erda
_cJO-AjNU
041 _aara
050 1 4 _aBP80.K38.N33 2004
100 3 _aتحرير العوضي، زكي علي,
_eauthor
_952551
245 0 0 _aحركة الإصلاح في العصر الحديث عبد الرحمن الكواكبي نموذجا: وقائع الندوة التي عقدت في المركز الثقافي الملكي في عمان بتاريخ 8-10 شعبان 1423 هجري الموافق 15-17 اكتوبر 2002م
250 _aط1
264 3 1 _aعمان: دار الرازي للطباعة والنشر، 2004
300 _a416ص
336 _atext
_btxt
_2rdacontent
337 _aunmediated
_bn
_2rdamedia
338 _avolume
_bnc
_2rdacarrier
650 4 _aالاصلاح الحديث -الكواكبي نموذجا
_952552
999 _aA23286
_c26854
_d26854